LEADER 00845nam a2200205 4500 001 000000353962 003 CaOOAMICUS 005 20230524110604.0 008 230524s2019 it 000 u ita r 040 $aSeMil$bita 245 00$a[3: Missione e riforma della Chiesa (1943-1953)]. 264 1$aRoma :$bStudium,$c2019. 300 $aXIV, 608 p. :$bill. ;$c25 cm 773 0 $aPersico, Alessandro Angelo <1980- >$tConsul Dei.$dRoma : Studium, 2019.$z978-88-382-4870-2$g3$w()353958 850 $aSeMil 852 $aSeMil$W1$xVenegono$y1$m3F V 760$j242632$B245173$CSeMilBibl$Z2$F245173 $81 961 $aArchivio storico del Seminario di Milano - Omaggio 996 $6245$a[3: Missione e riforma della Chiesa (1943-1953)]$9(OLS)http://semarc/title/444107 996 $6264$aRoma :$bStudium$9(OLS)http://semarc/publisher/29617 LEADER 00888nam a2200229 i 4500 001 000000248491 003 CaOOAMICUS 005 20160329000000.0 008 160329s1963 it u000 u ita u 013 $a227396 040 $aSeMil$bita 100 1 $aAlfieri, Vittorio,$d<1749-1803>.$0(OLS)http://semarc/name/1242 245 10$aAntigone /$cVittorio Alfieri. 260 $aBrescia :$bLa Scuola,$c1963. 300 $a145 p., [3] c. di tav. :$bill. ;$c21 cm. 650 4$aAlfieri, Vittorio <1749-1803> - Opere.$0(OLS)http://semarc/subject/2182 700 1 $aCazzani, Pietro.$0(OLS)http://semarc/name/74365 850 $aSeMil 852 $aSeMil$W1$xVenegono$y1$m1A II 125$j198837$B198837$CSeMilBibl$Z2$F211670 $81 961 $aLascito: Calori don Carlo 996 $6245$aAntigone$9(OLS)http://semarc/title/184918 996 $6260$aBrescia :$bLa Scuola$9(OLS)http://semarc/publisher/29831